Regionální propojení elektroenergetiky v Africe

Prepojenie elektrických sietí, ktoré dnes existujú ako národné, regionálne a transkontinentálne energetické systémy, vzniklo pred mnohými desaťročiami. Afrika nezostáva bokom a využíva výhody prepojenia sietí podobne, ako je to vo vyspelých krajinách Európy.

Salvato in:
Dettagli Bibliografici
Autore principale: Osho, Adedayo
Natura: Capitolo di libro
Lingua:ceco
Soggetti:
Tags: Aggiungi Tag
Nessun Tag, puoi essere il primo ad aggiungerne!!

MARC

LEADER 00000naa a2200000 4500
001 0298048
005 20240417075259.1
041 0 |a cze 
044 |a CZ 
245 1 0 |a Regionální propojení elektroenergetiky v Africe  |c Adedayo Osho 
520 |a Prepojenie elektrických sietí, ktoré dnes existujú ako národné, regionálne a transkontinentálne energetické systémy, vzniklo pred mnohými desaťročiami. Afrika nezostáva bokom a využíva výhody prepojenia sietí podobne, ako je to vo vyspelých krajinách Európy. 
610 2 0 |a elektroenergetika 
610 2 0 |a Afrika 
610 2 0 |a regióny 
610 2 0 |a elektrina 
610 2 0 |a systém 
610 2 0 |a sústava energetická 
100 1 |a Osho, Adedayo